00367 2200145 4500245004100000020001500041250002900056100001800085650002700103005001900130260004000149041001400189084000900203336000900212 aAl Quran dan tafsirnya jilid 4hText a9793843942 aEdisi yang disempurnakan aLentera Abadi aAl Quran dan tafsirnya a20240820085832 aJakartabKementerian Agama RIc2010 aIndonesia aNONE atext